དྲན་གཏམ་ཟླ་བའི་བདུད་རྩི། (Record no. 9059)

MARC details
000 -LEADER
fixed length control field 00581nam a22001457a 4500
008 - FIXED-LENGTH DATA ELEMENTS--GENERAL INFORMATION
fixed length control field 220802b |||||||| |||| 00| 0 eng d
020 ## - INTERNATIONAL STANDARD BOOK NUMBER
International Standard Book Number 9789993617112
082 ## - DEWEY DECIMAL CLASSIFICATION NUMBER
Classification number 920 GYE
100 ## - MAIN ENTRY--PERSONAL NAME
Personal name Gyeltshen, Dorji
245 ## - TITLE STATEMENT
Title དྲན་གཏམ་ཟླ་བའི་བདུད་རྩི།
Remainder of title མཁས་གྲུབ་ཆེན་པོ་བླ་མ་སྨོན་ལམ་རབ་བཟང་གི་མཛད་རྣམ།
260 ## - PUBLICATION, DISTRIBUTION, ETC.
Place of publication, distribution, etc. Thimphu :
Name of publisher, distributor, etc. National Library and Archives of Bhutan,
Date of publication, distribution, etc. 2010.
300 ## - PHYSICAL DESCRIPTION
Extent xi, 279 p.
Dimensions 21 cm.
650 ## - SUBJECT ADDED ENTRY--TOPICAL TERM
Topical term or geographic name entry element Biography
942 ## - Added entry Elements (Koha)
Source of classification or shelving scheme Dewey Decimal Classification
Holdings
Withdrawn status Lost status Source of classification or shelving scheme Damaged status Not for loan Collection code Home library Current library Shelving location Date acquired Serial Enumeration / chronology Total Checkouts Full call number Barcode Date last seen Price effective from Koha item type
    Dewey Decimal Classification     Dzongkha RTC Library RTC Library Dzongkha 02/08/2022 16550   920 GYE 30015454 02/08/2022 02/08/2022 Dzongkha
    Dewey Decimal Classification     Dzongkha RTC Library RTC Library Dzongkha 02/08/2022 16551   920 GYE 30015563 02/08/2022 02/08/2022 Dzongkha
Royal Thimphu College || All Right Reserved